000 00597nam a22002297a 4500
003 EC-GqESP
005 20250521112058.0
008 250521b |||||||| |||| 00| 0 eng d
020 _a9781466921191
041 _aESP
043 _aEC
082 _a658.404
100 _aLledo, Pablo
245 _aGESTIÓN ÁGIL DE PROYECTOS: LEAN PROJECT MANAGEMENT
250 _a1A ED.
260 _aESTADOS UNIDOS
_bTRAFFORD
_c2012
300 _a147 p.
_bEMPASTADO, CONTIENE IMAGENES
_c28X22 cm.
650 _aADMINISTRACIÓN
650 _aMANAGEMENT
700 _aLledo, Pablo
942 _c01
999 _c237923
_d237923